000 00298nam a22001337a 4500
008 180123b xxu||||| |||| 00| 0 eng d
020 _a9780205310302
041 _aeng
080 _a300.72
100 _a59
101 _asoc
245 _asocial research methods
_clawrence.w
942 _2udc
_cBK
999 _c40801
_d40801